00552nam a2200157Ia 450000500170000000800410001708200130005810000200007124500630009126000550015430000120020950000530022194200060027495200990028099900150037920250626013713.0240331s9999 xx 000 0 und d bTHIa305 aThiruchadran, S 0aStreevadee darshana konayen samaja niyayan vigraha kirimak aColombobWomen's Education & Research Centrec1995 a58 p ., aThe Dilemma of Theories - A Feminist perspective cL 001040708LaWERCLbWERCLcSSCd2024-03-31l0o 305.401 THIp5365r2024-03-31w2024-03-31yL c1785d1785